| 000 | 00525nam a2200181 u 4500 | ||
|---|---|---|---|
| 001 | 000521515 | ||
| 003 | AM-YeHGA | ||
| 005 | 20250617135114.0 | ||
| 008 | 070219s1976 ||| r 000 0 rus d | ||
| 040 | _aAM-YeHGA | ||
| 041 | 0 | _arus | |
| 100 | 1 | _aБелаш, Борис Федорович | |
| 245 | 1 | 0 |
_aЗажги снега : _bСтихи / _cБорис Белаш. |
| 260 |
_aДонецк : _bДонбас, _c1976. |
||
| 300 | _a95 с. | ||
| 653 | 0 | _aРусская советская поэзия | |
| 090 | _c195457 | ||
| 999 |
_c193983 _d193983 |
||